[Event "Kalamazoo op1"]
[Site "Kalamazoo"]
[Date "2003.08.31"]
[Round "4.41"]
[White "Hattrem, John"]
[Black "Paulovich, Gerald"]
[Result "1-0"]
[WhiteElo "1238"]
[BlackElo "1286"]
[PlyCount "43"]
[EventDate "2003.08.29"]
[EventType "swiss"]
[EventRounds "7"]
[EventCountry "USA"]
[SourceTitle "EXT 2007"]
[Source "ChessBase"]
[SourceDate "2006.11.23"]
[SourceVersion "1"]
[SourceVersionDate "2006.11.23"]
[SourceQuality "1"]

1. d4 Nf6 2. Nf3 d5 3. e3 Bg4 4. c4 e6 5. Qb3 b6 6. Ne5 c6 7. Nc3 a5 8. cxd5 exd5 9. Bd3 Be6 10. 0-0 b5 11. Qc2 b4 12. Na4 Qc7 13. Bd2 Bd6 14. f4 Nfd7 15. Rac1 f6 16. Nxc6 Qb7 17. Nxb8 Rxb8 18. Bxh7 Nf8 19. Bd3 Ke7 20. Nc5 Qc8 21. e4 Qe8 22. e5 1-0

[Event "Lansing op"]
[Site "Lansing"]
[Date "2002.09.02"]
[Round "7"]
[White "Gregg, Ted"]
[Black "Hattrem, John"]
[Result "1-0"]
[WhiteElo "1230"]
[BlackElo "100"]
[PlyCount "97"]
[EventDate "2002.08.30"]
[EventType "swiss"]
[EventRounds "7"]
[EventCountry "USA"]
[SourceTitle "EXT 2007"]
[Source "ChessBase"]
[SourceDate "2006.11.23"]
[SourceVersion "1"]
[SourceVersionDate "2006.11.23"]
[SourceQuality "1"]

1. f4 d5 2. Nf3 e6 3. e3 c5 4. Be2 Nf6 5. 0-0 g6 6. b3 Bg7 7. Bb2 0-0 8. Ne5 Nc6 9. Nxc6 bxc6 10. d3 Ba6 11. Nd2 Qa5 12. c4 Rfd8 13. Be5 Rd7 14. Qe1 Qd8 15. Bf3 Bb7 16. Rd1 a5 17. e4 a4 18. exd5 cxd5 19. Qf2 Bf8 20. g4 d4 21. Bxb7 Rxb7 22. Bxf6 Qxf6 23. Ne4 Qd8 24. g5 Be7 25. Qh4 axb3 26. axb3 Rxb3 27. Rf3 Ra2 28. Qh6 Bf8 29. Qh4 h5 30. Rh3 Be7 31. Nf6+ Bxf6 32. gxf6 Qa8 33. Rg3 Ra1 34. Qxh5 Rxd1+ 35. Qxd1 Qb8 36. Qf3 Rb1+ 37. Kg2 Qb7 38. h4 Rb2+ 39. Kh3 Qxf3 40. Rxf3 Rb3 41. Rg3 Kf8 42. Kg4 Kg8 43. h5 Kh7 44. Kg5 gxh5 45. Kxh5 Rb1 46. Rg7+ Kh8 47. Rxf7 Rh1+ 48. Kg5 Rh7 49. Rf8# 1-0

[Event "Lansing op"]
[Site "Lansing"]
[Date "2002.09.01"]
[Round "4"]
[White "Hattrem, John"]
[Black "Vasos, Brandon"]
[Result "0-1"]
[WhiteElo "100"]
[BlackElo "1313"]
[PlyCount "82"]
[EventDate "2002.08.30"]
[EventType "swiss"]
[EventRounds "7"]
[EventCountry "USA"]
[SourceTitle "EXT 2007"]
[Source "ChessBase"]
[SourceDate "2006.11.23"]
[SourceVersion "1"]
[SourceVersionDate "2006.11.23"]
[SourceQuality "1"]

1. e4 e6 2. Nf3 d5 3. exd5 exd5 4. d4 c5 5. Bb5+ Nc6 6. Nc3 a6 7. Bxc6+ bxc6 8. 0-0 Be7 9. Bf4 Nf6 10. Qd2 0-0 11. Rae1 a5 12. Ne5 cxd4 13. Qxd4 c5 14. Qa4 Bd6 15. Nc6 Qd7 16. Bxd6 Qxd6 17. Ne7+ Kh8 18. Nxc8 Rfxc8 19. Qh4 Rab8 20. b3 Rb4 21. Qg3 Qxg3 22. fxg3 c4 23. Rf3 cxb3 24. cxb3 h6 25. Re5 Rd4 26. h3 Rd2 27. Nxd5 Rxd5 28. Rxd5 Nxd5 29. Rxf7 Rc1+ 30. Kh2 Rc2 31. a4 Ne3 32. Ra7 Rxg2+ 33. Kh1 Rxg3 34. Rxa5 Nc2 35. Ra8+ Kh7 36. a5 Rxh3+ 37. Kg2 Rxb3 38. a6 Ra3 39. Kf2 Nd4 40. Ke1 Nb5 41. Kd2 Nc7 0-1

[Event "Lansing op"]
[Site "Lansing"]
[Date "2002.08.31"]
[Round "1"]
[White "Hattrem, John"]
[Black "Thach, Scott"]
[Result "1/2-1/2"]
[WhiteElo "100"]
[BlackElo "1141"]
[PlyCount "109"]
[EventDate "2002.08.30"]
[EventType "swiss"]
[EventRounds "7"]
[EventCountry "USA"]
[SourceTitle "EXT 2007"]
[Source "ChessBase"]
[SourceDate "2006.11.23"]
[SourceVersion "1"]
[SourceVersionDate "2006.11.23"]
[SourceQuality "1"]

1. e4 e6 2. Nf3 b6 3. d4 Bb7 4. Nc3 Bb4 5. Bd3 Bxc3+ 6. bxc3 Ne7 7. 0-0 0-0 8. Ba3 d6 9. Qe2 Qd7 10. Rad1 h6 11. c4 f5 12. e5 Nbc6 13. d5 exd5 14. cxd5 Nxd5 15. Bc4 Nce7 16. Rfe1 Kh8 17. Bxd5 Nxd5 18. Qc4 c6 19. Bxd6 Rfe8 20. Rd3 a5 21. Qh4 Re6 22. Nd4 Rg6 23. Rg3 Qe8 24. Nxf5 c5 25. Ne7 Nxe7 26. Bxe7 Re6 27. Qg4 Qxe7 28. f4 Rf6 29. Qh4 Rf7 30. Qxe7 Rxe7 31. e6 Rf8 32. Rd3 Bc8 33. f5 Rfe8 34. Rd6 g6 35. g4 gxf5 36. gxf5 Kg7 37. Rxb6 Kf6 38. Rf1 Bb7 39. Rf2 Rg8+ 40. Kf1 Rg4 41. Rd6 Rd4 42. Rxd4 cxd4 43. Rf4 Bd5 44. Rxd4 Ke5 45. Ra4 Kxf5 46. Rxa5 Kxe6 47. a4 Rc7 48. Ra6+ Kf5 49. Rxh6 Rxc2 50. a5 Ra2 51. a6 Bc4+ 52. Ke1 Bxa6 53. h4 Ke4 54. Re6+ Kf3 55. h5 1/2-1/2